"Eingeklemmte" Länder - Statistiken

Allgemein
  • Dieses Quiz wurde 84 mal gespielt
  • Das Durchschnittsergebnis liegt bei 4 aus 7
Antwortstatistiken
Antwort % Korrekt
Liechtenstein
75%
Andorra
68%
Nepal
62%
Bhutan
56%
Mongolei
51%
Eswatini
38%
Moldawien
31%
Keine übereinstimmenden Quizze gefunden
Verteilung der Resultate
Anzahl Personen mit jedem Resultat
Perzentil nach korrekt beantworteten Fragen
Ihre Resultats-Entwicklung
Sie haben dieses Quiz noch nicht gespielt